Venn Diagram - US States - Statistics

General Stats
  • This quiz has been taken 155 times
  • The average score is 10 of 16
Answers on the Map
Answers color-coded by a green-red scale on the quiz's map according to % correct below.
 
Answer Stats
Answer % Correct
Idaho
80%
Georgia
74%
Florida
70%
Massachusetts
70%
Texas
69%
Illinois
66%
Louisiana
63%
Colorado
60%
Ohio
58%
Virginia
52%
Mississippi
50%
South Carolina
50%
Wisconsin
50%
Arizona
47%
Hawaii
46%
Michigan
44%
No matching quizzes found
Score Distribution
Percent of People with Each Score
Percentile by Number Answered
Your Score History
You have not taken this quiz